=LDR 00000nam 2200000 4500 =001 INLIS000000000013790 =005 20130612105128 =008 ***********************************Ind** =035 ##$$a0010-061300000013790 =041 ##$$a Ind =082 ##$$a 650.1 =090 ##$$a 650.1, Lin p =100 ##$$a Linneman, Robert =245 ##$$a Jalan Sukses Bisnis Abad Ini, Robert Linneman, ; Jhon L. Stanton, JR =260 ##$$a 2003 $b Jakarta =300 ##$$a 110 hlm, Ilus, 21 cm =650 ##$$a Sukses - Bisnis =850 ##$$a NBPNMAT =990 ##$$a 21400613/BPAP-NTB/20142014